01842nas a2200241Ia 4500001001100000003001000011008004100021040002500062041001300087100002200100210001600122222001600138245006600154250001100220260008400231300001200315310001200327362003500339500054100374501011400915520054101029650003001570R053-S7664IT-CnALBA170116c99999999xx |||||||||||| ||und|| aIT-CnALBAcIT-CnALBA aITALIANO aGRAZZINI GIUSEPPE aBELL'ITALIA aBELL'ITALIA 0aBELL'ITALIA. N. 80. DICEMBRE 1992. ARABBA. LA REGINA BIANCA.  a1a ed. aMILANObMONDADORI GIORGIO EDIT. c1992 [1° Ed.:1992 - Ed.Ling.Originale: 1992] a150 p.  aMENSILE aFascicolo: 80 / Anno: 7 (1992) aCITTADELLA DI BORGO INCORONATO. NAPOLI, TRA I MERCATI E PRESEPI. OGGETTI ANTICA CINA. NOTIZIE ARCHITETTURA. PALAZZI PIACENTINI. SFARZO E SCALE SCAPRICCIATE. VIAGGIO NEL PASSATO ALLA RICERCA DI INSEGNE CURIOSE. SALERNO: RICORDO DI ESSERE MILANESE. MARE DI AMALFI O LAGO TRASIMENO. LORENZO DI CADIRE. SI STA DA PAPI. VARENNA, PAESE SERENO. BELLEZZE SUL LARIO. MORTORIO, ISOLA META ESTIVA SARDA. NAPOLI. CETTADELLA NEL VENTO. UN KM E MEZZO DI MURA. URBINO, COSTIGLIONE DI SICILIA. PICCOLA CHIESA ORIENTALE. CHIETI. ARABBA ALPINISMO E SCI.  aSocietà San Paolo EM - Piazza San Paolo, 14 - 12051 ALBA (CN) (non commercial uses only) ® Copyright 2017 aCITTADELLA DI BORGO INCORONATO. NAPOLI, TRA I MERCATI E PRESEPI. OGGETTI ANTICA CINA. NOTIZIE ARCHITETTURA. PALAZZI PIACENTINI. SFARZO E SCALE SCAPRICCIATE. VIAGGIO NEL PASSATO ALLA RICERCA DI INSEGNE CURIOSE. SALERNO: RICORDO DI ESSERE MILANESE. MARE DI AMALFI O LAGO TRASIMENO. LORENZO DI CADIRE. SI STA DA PAPI. VARENNA, PAESE SERENO. BELLEZZE SUL LARIO. MORTORIO, ISOLA META ESTIVA SARDA. NAPOLI. CETTADELLA NEL VENTO. UN KM E MEZZO DI MURA. URBINO, COSTIGLIONE DI SICILIA. PICCOLA CHIESA ORIENTALE. CHIETI. ARABBA ALPINISMO E SCI.  aSCIENZE UMANE E RELIGIOSE